| 000 | 01961cam a2200325 a 4500 | ||
|---|---|---|---|
| 999 |
_c532229 _d532229 |
||
| 001 | 15276809 | ||
| 003 | NUST | ||
| 005 | 20191113174718.0 | ||
| 008 | 080425s2009 flua b 001 0 eng | ||
| 010 | _a 2008019075 | ||
| 020 | _a9781420060195 (alk. paper) | ||
| 020 | _a1420060198 (alk. paper) | ||
| 035 |
_a(OCoLC)226911750 _z(OCoLC)148877519 |
||
| 035 | _a(OCoLC)ocn226911750 | ||
| 038 | _aM.Ramzan | ||
| 040 |
_aDLC _cDLC _dUKM _dYDXCP _dBTCTA _dBAKER _dC#P _dBWX _dCDX _dSDB _dDLC |
||
| 050 | 0 | 0 |
_aT174.7 _b.N373193 2009 |
| 082 | 0 | 0 |
_a620/.5 _222 _bSEL |
| 245 | 0 | 0 |
_aNanotechnology and the environment / _cKathleen Sellers ... [et al.]. |
| 260 |
_aBoca Raton : _bCRC Press, _cc2009. |
||
| 300 |
_axi, 281 p. : _bill. ; _c24 cm. |
||
| 504 | _aIncludes bibliographical references and index. | ||
| 505 | 0 | 0 |
_tNanoscale materials: definition and properties / _rKathleen Sellers -- _tOverview of manufacturing processes / _rJulie Chen, Kathleen Sellers -- _tDeveloping environmental regulations pertinent to nanotechnology / _rLynn L. Bergeson -- _tAnalyses of nanoparticles in the environment / _rMarilyn Hoyt -- _tEnvironmental fate and transport / _rChris E. Mackay, Kim M. Henry -- _tTreatment of nanoparticles in wastewater / _rKim M. Henry, Kathleen Sellers -- _gThe _tpotential ecological hazard of nanomaterials / _rStephen R. Clough -- _tToxicology and risk assessment / _rChris E. Mackay, Jane Hamblen -- _tNanoparticle use in pollution control / _rKathleen Sellers -- _tBalancing the risks and rewards / _rKathleen Sellers. |
| 650 | 0 |
_aNanotechnology _xEnvironmental aspects. _93323 |
|
| 700 | 1 |
_aSellers, Kathleen. _96483 |
|
| 856 | 4 | 1 |
_3Table of contents only _uhttp://www.loc.gov/catdir/toc/ecip0817/2008019075.html |
| 906 |
_a7 _bcbc _corignew _d1 _eecip _f20 _gy-gencatlg |
||
| 942 |
_2ddc _cBK |
||